|
|
|
|
| LEADER |
00000nam0a2200000 4500 |
| 001 |
275985 |
| 005 |
20231101234858.0 |
| 035 |
|
|
|a (RuTPU)RU\TPU\book\299238
|
| 035 |
|
|
|a RU\TPU\book\196508
|
| 090 |
|
|
|a 275985
|
| 100 |
|
|
|a 20141118d1950 m y0rusy50 ca
|
| 101 |
0 |
|
|a rus
|
| 102 |
|
|
|a RU
|
| 105 |
|
|
|a a j 001zy
|
| 200 |
0 |
|
|a Т. 2 : Электронная оболочка атома и атомное ядро
|
| 210 |
|
|
|d 1950
|
| 215 |
|
|
|a 718 с.
|c ил.
|
| 316 |
|
|
|5 63413507: КР-2258
|a На форзаце владельческая надпись: "г. Томск 1950 год. Чучалин"
|
| 317 |
|
|
|5 63413507: КР-2258
|a Поступила в НТБ в 2017 г. в составе книжного собрания ректора ТПИ И. П. Чучалина
|
| 320 |
|
|
|a Предм. указ.: с. 711-718
|
| 461 |
|
|
|t Атомная физика
|o учебное пособие для вузов
|f Э. В. Шпольский
|v Т. 2 : Электронная оболочка атома и атомное ядро
|e 2-е изд., перераб.
|
| 606 |
1 |
|
|a Атомная физика
|2 stltpush
|3 (RuTPU)RU\TPU\subj\29674
|9 52952
|
| 610 |
1 |
|
|a учебные пособия
|
| 610 |
1 |
|
|a электроны
|
| 610 |
1 |
|
|a атомы
|
| 610 |
1 |
|
|a изотопы
|
| 610 |
1 |
|
|a ядерное строение
|
| 610 |
1 |
|
|a рентгеновские лучи
|
| 610 |
1 |
|
|a излучение
|
| 610 |
1 |
|
|a световые кванты
|
| 610 |
1 |
|
|a волны
|
| 610 |
1 |
|
|a частицы
|
| 610 |
1 |
|
|a уравнения Шредингера
|
| 610 |
1 |
|
|a квантовая механика
|
| 610 |
1 |
|
|a радиоактивность
|
| 610 |
1 |
|
|a нейтроны
|
| 610 |
1 |
|
|a космические лучи
|
| 610 |
1 |
|
|a коллекция И. П. Чучалина
|
| 610 |
1 |
|
|a дары библиотеке
|
| 610 |
1 |
|
|a владельческая надпись
|
| 675 |
|
|
|a 539.18(075.8)
|v 3
|
| 801 |
|
1 |
|a RU
|b 63413507
|c 20100604
|
| 801 |
|
2 |
|a RU
|b 63413507
|c 20190125
|g RCR
|
| 942 |
|
|
|c BK
|